[Event "45th Olympiad 2024"]
[Site "Budapest HUN"]
[Date "2024.09.11"]
[Round "1.22"]
[Board "1"]
[White "Yilmaz, Mustafa"]
[Black "Almedina Ortiz, Edgardo J."]
[Result "1-0"]
[WhiteElo "2587"]
[BlackElo "2196"]
[PlyCount "99"]
[EventDate "2024.09.11"]
[WhiteTeam "Turkiye"]
[BlackTeam "Puerto Rico"]
[BlackTeamCountry "PUR"]

1. d4 d5 2. c4 e6 3. Nf3 a6 4. cxd5 exd5 5. Nc3 c6 6. Qb3 Bd6 ({RR} 6... Nf6 7. Bg5 Be7 8. e3 O-O 9. Bd3 Nbd7 10. O-O Re8 11. Rae1 Nf8 12. Bxf6 Bxf6 13. e4 dxe4 14. Nxe4 Ne6 15. Nxf6+ Qxf6 16. Re5 Rf8 17. Rfe1 g6 18. Qb4 a5 19. Qa3 Bd7 20. Bc4 Kg7 21. h3 {½-½ Eljanov,P (2693)-Ponomariov,R (2726) Kharkov Rector Cup Champions m 11th 2009 (3)}) 7. Bg5 ({RR} 7. e4 dxe4 8. Ng5 Qe7 9. Bc4 Nh6 10. O-O b5 11. Be2 Bf5 12. Re1 O-O 13. Ngxe4 Bxe4 14. Bf3 Bxh2+ 15. Kf1 Bd3+ 16. Be2 Bxe2+ 17. Rxe2 Qh4 18. g3 Qh3+ 19. Ke1 Nd7 20. Be3 Rae8 21. Kd2 Nf5 {0-1 Shuvalov,E (1993)-Slade,T (2112) Titled Tue 30th Apr Late 2024 (7)}) 7... Nf6 $146 ({RR} 7... Ne7 8. e3 f6 9. Bh4 b5 10. Bg3 Bf5 11. Be2 Bg6 12. O-O Nf5 13. Bxd6 Nxd6 14. a4 Nd7 15. Qb4 Qe7 16. axb5 Nxb5 17. Qb3 Nc7 18. Qb7 Qd6 19. Nxd5 cxd5 20. Rfc1 Rb8 21. Qxc7 Qxc7 22. Rxc7 {1-0 Gupta,A (2645)-Ider,B (2463) Gibraltar Masters 15th 2017 (5)}) ({RR} 7... Ne7 8. e3 O-O 9. Bd3 Qc7 10. Qc2 h6 11. Bh4 Be6 12. O-O Nd7 13. Rad1 Rae8 14. Bg3 Bg4 15. Rde1 Qb8 16. a3 Bxg3 17. hxg3 Nc8 18. Nh2 Be6 19. f4 Nf6 20. Nf3 Nd6 21. Ne5 Re7 22. Qd1 {½-½ Basso,P (2516)-Gilevich,A (2423) ITA-chTB 51st 2019 (2.2)}) 8. e3 O-O 9. Bd3 a5 10. O-O Na6 11. Rac1 Nc7 12. Bh4 Ne6 13. Na4 Be7 14. Nb6 Rb8 15. Ne5 Ne4 16. Bxe7 Qxe7 17. Bxe4 dxe4 18. Qa3 Qd8 19. Qxa5 Ng5 20. Nec4 f6 21. Nxc8 Qxc8 22. Qb4 Qg4 23. Qd6 Rbd8 24. Qg3 Qh5 25. Rc2 f5 26. Ne5 Rd6 27. h4 Ne6 28. Ng6 f4 29. Nxf4 Nxf4 30. exf4 Rg6 31. Qb3+ Kh8 32. Qh3 Rg4 33. Rc5 Rf5 34. g3 Rxc5 35. dxc5 Qf5 36. Re1 Qxf4 37. Re3 h5 38. b4 Qf6 39. a3 Qd4 40. Qf1 Kh7 41. Qb1 g5 42. hxg5 h4 43. Qb3 Rxg5 44. Qf7+ Qg7 45. Qxg7+ Rxg7 46. Rxe4 hxg3 47. f3 Rd7 48. Kg2 Rd3 49. Re7+ Kg6 50. a4 1-0

[Event "45th Olympiad 2024"]
[Site "Budapest HUN"]
[Date "2024.09.11"]
[Round "1.22"]
[Board "4"]
[White "Boggiano Pereira, Miguel A."]
[Black "Can, Emre"]
[Result "0-1"]
[WhiteElo "2015"]
[BlackElo "2547"]
[PlyCount "78"]
[EventDate "2024.09.11"]
[WhiteTeam "Puerto Rico"]
[BlackTeam "Turkiye"]
[WhiteTeamCountry "PUR"]

1. d4 Nf6 2. c4 e6 3. Nf3 d5 4. Nc3 Bb4 5. cxd5 exd5 6. Bg5 Nbd7 7. Qc2 h6 8. Bh4 g5 9. Bg3 Ne4 10. Be5 $146 ({RR} 10. e3 Nb6 11. Bd3 Bf5 12. Nd2 Nxg3 13. hxg3 Be6 14. a3 Bf8 15. Bf5 Qd7 16. Bxe6 fxe6 17. a4 a5 18. Nf3 Bg7 19. g4 c6 20. Ne2 Nc4 21. b3 Nd6 22. Ng3 O-O-O 23. Nh5 Bf8 24. Ne5 Qc7 {0-1 Sanchez Jimenez,J-Campos Moreno,J (2480) ESP-chT Linares 1991 (1)}) ({RR} 10. Nd2 Nxg3 11. hxg3 c6 12. a3 Bxc3 13. bxc3 Qe7 14. e3 Nf6 15. c4 Be6 16. Bd3 h5 17. Nb3 Kf8 18. Nc5 Kg7 19. Nxe6+ Qxe6 20. Bf5 Qe7 21. cxd5 cxd5 22. Qb3 Qc7 23. Ke2 Rae8 24. Rac1 Qb8 {0-1 Bacrot,E (2720)-Grischuk,A (2792) Wch Rapid Dubai 2014 (6)}) ({RR} 10. Nd2 Nxg3 11. hxg3 Nb6 12. e3 Be6 13. Bd3 c6 14. O-O-O Qe7 15. Kb1 O-O-O 16. Rc1 Kb8 17. a3 Bd6 18. Na4 Nxa4 19. Qxa4 h5 20. Nb3 h4 21. gxh4 gxh4 22. Na5 Rc8 23. Rc3 Rc7 24. Rhc1 Ka8 {0-1 Melkumyan,H (2640)-Hakobyan,A (2616) Chessable Masters Play-In 2024 (5)}) ({RR} 10. Nd2 Nxg3 11. hxg3 c6 12. a3 Ba5 13. e4 dxe4 14. Ndxe4 Nf6 15. b4 Bb6 16. O-O-O Nxe4 17. Qxe4+ Qe7 18. Bc4 Bd7 19. Rhe1 Qxe4 20. Nxe4 Kf8 21. Nd6 a5 22. Nxf7 Rh7 23. Ne5 Be8 24. Kb2 axb4 {1-0 Ruck,R (2568)-Saric,I (2678) Corsica Masters KO 18th rapid 2014 (2.2)}) 10... Nxe5 11. Nxe5 Qe7 12. e3 Bf5 13. Qb3 O-O 14. a3 Bxc3+ 15. bxc3 c5 16. Be2 Rac8 17. Bf3 c4 18. Qb2 f6 19. Ng4 Kg7 20. h3 Rc6 21. O-O Rb6 22. Qc1 h5 23. Nh2 Rb3 24. Bxe4 Qxe4 25. Rd1 Qc2 26. Qxc2 Bxc2 27. Rdc1 Bd3 28. a4 Re8 29. Ra2 Re6 30. Nf3 Reb6 31. Nd2 Rb2 32. Rca1 a5 33. f3 Kf7 34. e4 Ke6 35. Kf2 dxe4 36. fxe4 Bxe4 37. Ke3 Bd3 38. Ne4 Bxe4 39. Kxe4 f5+ 0-1

[Event "45th Olympiad 2024"]
[Site "Budapest HUN"]
[Date "2024.09.11"]
[Round "1.23"]
[Board "2"]
[White "Kourkoulos-Arditis, Stamatis"]
[Black "Notha, Moakofi"]
[Result "1-0"]
[WhiteElo "2570"]
[BlackElo "1996"]
[PlyCount "69"]
[EventDate "2024.09.11"]
[WhiteTeam "Greece"]
[BlackTeam "Botswana"]
[WhiteTeamCountry "GRE"]
[BlackTeamCountry "BOT"]

1. e4 e5 2. Nf3 Nc6 3. Bc4 Bc5 4. d3 d6 5. c3 Nf6 6. O-O a6 7. Bb3 Ba7 8. Nbd2 O-O 9. h3 Ne7 10. Re1 Ng6 11. Nf1 h6 12. Ng3 Be6 13. Bc2 ({RR} 13. d4 Qc8 14. Be3 Rd8 15. Qc2 c5 16. Bxe6 Qxe6 17. d5 Qd7 18. c4 b5 19. b3 Rdb8 20. Nf5 Kf8 21. Nh2 Bb6 22. Bd2 Bd8 23. Ng4 bxc4 24. bxc4 Ne8 25. Rab1 h5 26. Nh2 Nf4 27. Ng3 Nf6 {1-0 Leko,P (2713)-Piket,J (2659) Amber-blindfold 11th rapid 2002 (8)}) 13... Qc8 ({RR} 13... d5 14. exd5 Qxd5 15. Bb3 Qd6 16. Bxe6 fxe6 17. Be3 Bxe3 18. Rxe3 Nd5 19. Re4 Ndf4 20. d4 exd4 21. Qxd4 Rad8 22. Qe3 Rf6 23. Rd4 Qf8 24. Rxd8 Qxd8 25. Ne4 Rf5 26. Nd4 Rd5 27. Ng3 Qf6 28. Re1 {0-1 Nasuta,G (2552)-Kim,N (1944) Titled Tue 23rd Apr Late 2024 (6)}) 14. d4 c5 $146 ({RR} 14... Re8 15. Be3 c5 16. Qd2 Qc7 17. d5 Bc8 18. Nf5 Bxf5 19. exf5 e4 20. Nh2 Nf8 21. Ng4 Qd8 22. Nxf6+ Qxf6 23. Bf4 Qxf5 24. Bxd6 c4 25. Qf4 Qxd5 26. Rad1 Qb5 27. Bxe4 Rad8 28. Ba3 Ne6 29. Qf5 {½-½ Sutovsky,E (2530)-Goldin,A (2580) Rishon Le Ziyyon YM 1995 (9)}) ({RR} 14... c6 15. Be3 Qc7 16. Qd2 Rfd8 17. Rad1 d5 18. Qc1 Nxe4 19. Nxe4 dxe4 20. Nxe5 Nxe5 21. dxe5 Bxe3 22. Qxe3 Qxe5 23. f4 Qa5 24. Qxe4 g6 25. Qe3 Re8 26. a3 Bf5 27. Qxe8+ Rxe8 28. Rxe8+ Kg7 29. Bxf5 {½-½ Zong,D (1866)-Rohit,K (2095) Wch U12 Pocos de Caldas 2017 (6)}) 15. Be3 b5 16. a4 Rd8 17. d5 Bd7 18. axb5 axb5 19. Qd2 Qb7 20. Bxh6 gxh6 21. Qxh6 Bc8 22. Nf5 Ne8 23. Ng5 Nf8 24. Re3 Bxf5 25. exf5 f6 26. Ne6 Nh7 27. Rg3+ Kh8 28. Nf8 c4 29. Ng6+ Kg8 30. Ne7+ Kf7 31. Qxh7+ Ng7 32. Rxg7+ Ke8 33. Qg8+ Kd7 34. Nc6+ Kc8 35. Qxd8# 1-0

[Event "45th Olympiad 2024"]
[Site "Budapest HUN"]
[Date "2024.09.11"]
[Round "1.23"]
[Board "3"]
[White "Monnaatsheko, Keletshabile"]
[Black "Papaioannou, Ioannis"]
[Result "0-1"]
[WhiteElo "2064"]
[BlackElo "2615"]
[PlyCount "62"]
[EventDate "2024.09.11"]
[WhiteTeam "Botswana"]
[BlackTeam "Greece"]
[WhiteTeamCountry "BOT"]
[BlackTeamCountry "GRE"]

1. Nf3 Nf6 2. b3 d5 3. Bb2 Bf5 $146 4. Nh4 Bc8 5. Nf3 Bg4 6. h3 ({RR} 6. d3 Bxf3 7. exf3 e6 8. f4 Be7 9. g3 O-O 10. Bg2 Nfd7 11. O-O Bf6 12. Nc3 c6 13. Qd2 a5 14. Rfe1 Na6 15. Rad1 b5 16. d4 b4 17. Na4 Nb6 18. Nxb6 Qxb6 19. a4 Qa7 20. g4 g6 {0-1 Taimanov,M-Savon,V URS-ch43 First League 1975}) ({RR} 6. d3 Nbd7 7. Nbd2 e6 8. h3 Bh5 9. e4 c6 10. Be2 a5 11. e5 Ng8 12. a4 Ne7 13. O-O c5 14. c4 d4 15. Nxd4 cxd4 16. Bxh5 Nc6 17. f4 g6 18. Bf3 Nb4 19. Ne4 Nc5 20. Nf6+ Ke7 {1-0 Blanco Diez,D (2308)-Lehtosaari,M (2142) Titled Tue 20th Feb Late 2024 (8)}) 6... Bxf3 ({RR} 6... Bh5 7. g4 Bg6 8. d3 Nbd7 9. Bg2 e6 10. Nh4 Bd6 11. Nd2 c6 12. e3 a5 13. a3 e5 14. O-O O-O 15. f4 exf4 16. exf4 h6 17. Qf3 Qc7 18. Rae1 Rae8 19. Rxe8 Rxe8 20. Nxg6 fxg6 21. g5 {0-1 So,W (2780)-Caruana,F (2822) Saint Louis Blitz 2018 (1)}) 7. exf3 e6 8. f4 ({RR} 8. g3 Nbd7 9. f4 Bd6 10. Bg2 O-O 11. O-O a5 12. a4 c6 13. d3 b5 14. Nd2 Qe7 15. Nf3 bxa4 16. bxa4 Rab8 17. Be5 Rb7 18. Qe2 Rfb8 19. Rfe1 Ne8 20. Bd4 g6 21. h4 Ng7 22. Bh3 Bc5 {1-0 Sahl,B-Bjork,C Muerren op U20 1979 (9)}) 8... Bd6 9. Qf3 O-O 10. Nc3 Nc6 11. O-O-O Nd4 12. Qd3 c5 13. g3 a6 14. Bg2 b5 15. Rde1 Rc8 16. Kb1 b4 17. Nd1 Nb5 18. Ne3 Nd7 19. Qe2 c4 20. bxc4 Na3+ 21. Ka1 Nxc4 22. Nxc4 dxc4 23. Rb1 Qa5 24. Qe3 c3 25. dxc3 bxc3 26. Bc1 Rb8 27. Rb3 Nc5 28. Be4 Be7 29. Bd3 Bf6 30. Kb1 Rfd8 31. Rd1 Nxb3 0-1

[Event "45th Olympiad 2024"]
[Site "Budapest HUN"]
[Date "2024.09.11"]
[Round "1.23"]
[Board "4"]
[White "Kelires, Andreas"]
[Black "Oratile, Kgotlane"]
[Result "1-0"]
[WhiteElo "2536"]
[BlackElo "1975"]
[PlyCount "91"]
[EventDate "2024.09.11"]
[WhiteTeam "Greece"]
[BlackTeam "Botswana"]
[WhiteTeamCountry "GRE"]
[BlackTeamCountry "BOT"]

1. Nf3 Nf6 2. d4 g6 3. Nbd2 Bg7 4. e4 d6 5. Bb5+ c6 6. Bd3 O-O 7. O-O c5 8. c3 Nc6 9. d5 Nb8 10. Nc4 ({RR} 10. Re1 e5 11. a4 Ne8 12. Nc4 h6 13. Nfd2 f5 14. exf5 gxf5 15. f4 Nd7 16. Nf1 e4 17. Be2 Ndf6 18. Ng3 Nh7 19. Ne3 Nc7 20. Rf1 Bd7 21. Qe1 Kh8 22. Kh1 Qe7 23. Bh5 Rf6 24. b4 b6 {1-0 Zubov,A (2601)-Mamedov,R (2659) Wch Blitz Moscow 2019 (11)}) 10... b5 11. Ne3 Bb7 $146 ({RR} 11... c4 12. Bc2 Bb7 13. a4 a6 14. Nd4 Qb6 15. f4 Nbd7 16. Qf3 Rae8 17. Qh3 Nc5 18. e5 dxe5 19. fxe5 Nxd5 20. Nef5 Bc8 21. a5 Qc7 22. Bh6 Bxe5 23. Rae1 f6 24. Rf3 Rf7 25. Qh4 e6 26. Ng3 {0-1 Ladan,N (2211)-Jing,A (2056) 124th US Open 2024 (9.11)}) ({RR} 11... a6 12. a4 Bb7 13. axb5 axb5 14. Rxa8 Bxa8 15. Bxb5 Nbd7 16. Bd3 Qc7 17. Nc4 Bb7 18. Bf4 Ra8 19. Re1 Qd8 20. h3 Ra7 21. Qd2 Qa8 22. g4 h5 23. g5 Ne8 24. Qc2 Kh7 25. Nfd2 Nc7 26. Bg3 {1-0 Frometa Castillo,Z (2149)-Yuan,Y (2119) Pan American-ch (Women) 2008 (4)}) 12. Re1 Qb6 13. c4 bxc4 14. Nxc4 Qc7 15. Bd2 Nbd7 16. h3 Nb6 17. Rc1 Nxc4 18. Bxc4 a5 19. Qe2 Qb6 20. Bc3 Rfb8 21. Rcd1 Ba6 22. e5 Ne8 23. Bxa6 Qxa6 24. Qe4 dxe5 25. Nxe5 Nf6 26. Qf3 Re8 27. Nc6 Qb7 28. Nxa5 Qd7 29. a3 Nh5 30. Nc6 Bxc3 31. Qxc3 Qd6 32. Ne5 Rad8 33. g3 f5 34. Nc4 Qa6 35. d6 Nf6 36. dxe7 Rxd1 37. Rxd1 Ne4 38. Qd3 Rxe7 39. Qd8+ Kf7 40. b3 Qe6 41. Qh8 h5 42. f4 Qa6 43. Rd8 Qb7 44. Ne5+ Ke6 45. Qg8+ Rf7 46. Re8+ 1-0

[Event "45th Olympiad 2024"]
[Site "Budapest HUN"]
[Date "2024.09.11"]
[Round "1.24"]
[Board "1"]
[White "Cheparinov, Ivan"]
[Black "Mafaaz Khalid"]
[Result "1-0"]
[WhiteElo "2628"]
[BlackElo "2069"]
[PlyCount "67"]
[EventDate "2024.09.11"]
[WhiteTeam "Bulgaria"]
[BlackTeam "Pakistan"]
[WhiteTeamCountry "BUL"]
[BlackTeamCountry "PAK"]

1. e4 e5 2. Nf3 Nc6 3. Bb5 Nf6 4. d3 Bc5 5. c3 d6 6. O-O O-O 7. Nbd2 a6 8. Ba4 b5 ({RR} 8... Ba7 9. h3 Ne7 10. Re1 Ng6 11. Nf1 b5 12. Bb3 Re8 13. a4 Bb7 14. Be3 Bxe3 15. Nxe3 h6 16. Nh2 d5 17. axb5 axb5 18. Rxa8 Bxa8 19. exd5 Nxd5 20. Nxd5 Bxd5 21. Bxd5 Qxd5 22. Qf3 Rd8 23. Qxd5 {½-½ Leko,P (2755)-Kramnik,V (2785) Wch Blitz 2nd 2007 (8)}) ({RR} 8... Ba7 9. h3 Ne7 10. Re1 Ng6 11. Nf1 c6 12. Ng3 d5 13. exd5 Nxd5 14. d4 exd4 15. Nxd4 Re8 16. Rxe8+ Qxe8 17. Bb3 Qe5 18. Qe2 Bxd4 19. cxd4 Qxe2 20. Nxe2 Be6 21. Bd2 Rd8 22. Bc2 Rd7 23. Ng3 {½-½ Akopian,V (2697)-Cheparinov,I (2673) Albena Masters op 2012 (8)}) 9. Bc2 a5 ({RR} 9... d5 10. h3 d4 11. Re1 h6 12. a3 a5 13. c4 Ba6 14. cxb5 Bxb5 15. Ba4 Qb8 16. Nc4 Bd6 17. Bxb5 Qxb5 18. Nh4 Rfe8 19. Qf3 Re6 20. Nf5 Bf8 21. g4 a4 22. Bd2 Nd7 23. Rac1 Qb3 24. Kf1 {0-1 Feng,Y (1763)-Liu,A (1954) ch-CHN Personal GpB m 2024 (10.18)}) 10. a4 b4 11. Bb3 $146 ({RR} 11. Re1 h6 12. Nf1 bxc3 13. bxc3 Bb6 14. Ng3 Ne7 15. d4 Ng6 16. Nf5 Kh7 17. Bd2 Qe8 18. Qc1 Ng8 19. Rb1 Rb8 20. Ne3 f6 21. h3 N8e7 22. Nc4 Ba6 23. Nxb6 cxb6 24. Qa3 Qc6 25. h4 Qc7 {1-0 Neugebauer,M (2505)-Omelja,A (2515) Przeworsk 2022 (8)}) 11... Rb8 12. Bc4 Be6 13. Bxe6 fxe6 14. Nc4 Qe8 15. Re1 Qh5 16. Be3 Bxe3 17. Nxe3 Qg6 18. g3 Nd7 19. Nc4 bxc3 20. bxc3 Qf7 21. Ncd2 Nc5 22. Qe2 Rb2 23. Qe3 h6 24. Ra3 Rfb8 25. Kg2 Qf8 26. d4 Nd7 27. Nc4 d5 28. Nxb2 Qxa3 29. Nd3 exd4 30. cxd4 Rb3 31. exd5 Rxd3 32. Qxe6+ Kh8 33. dxc6 Nf8 34. Qf7 1-0

[Event "45th Olympiad 2024"]
[Site "Budapest HUN"]
[Date "2024.09.11"]
[Round "1.24"]
[Board "3"]
[White "Petkov, Momchil"]
[Black "Momin Fayzan"]
[Result "1-0"]
[WhiteElo "2540"]
[BlackElo "2064"]
[PlyCount "75"]
[EventDate "2024.09.11"]
[WhiteTeam "Bulgaria"]
[BlackTeam "Pakistan"]
[WhiteTeamCountry "BUL"]
[BlackTeamCountry "PAK"]

1. e4 c5 2. Nf3 d6 3. Nc3 a6 4. g3 Nc6 5. Bg2 g6 6. d4 cxd4 7. Nxd4 Bg7 8. Be3 Bd7 9. O-O Nf6 10. h3 O-O 11. Nde2 Rc8 12. Rc1 ({RR} 12. b3 b5 13. Nd5 Be6 14. Qd2 Ne5 15. f4 Ned7 16. Nd4 Nc5 17. Nxe6 Nxe6 18. Rac1 Nc5 19. Nxf6+ Bxf6 20. c4 b4 21. Rcd1 Bc3 22. Qc2 Qc7 23. h4 h5 24. Kh2 Nd7 25. Bh3 Rcd8 26. Bxd7 Rxd7 {½-½ Grischuk,A (2767)-Nepomniachtchi,I (2751) Moscow Tal Memorial blitz 11th 2018 (2)}) ({RR} 12. a4 Ne5 13. f4 Nc4 14. Bc1 Nxb2 15. Bxb2 Qb6+ 16. Qd4 Qxb2 17. Rfb1 Qxc2 18. Ra2 e5 19. fxe5 dxe5 20. Qd6 Rxc3 21. Rxc2 Rxc2 22. Nc1 Bc6 23. Qd3 Rxg2+ 24. Kf1 Bxe4 {0-1 Marchesich,G (2226)-Kabanov,N (2434) Titled Tue 5th Mar Early 2024 (10)}) 12... b5 $146 ({RR} 12... Ne5 13. b3 Bc6 14. Nd5 Ned7 15. c4 Nc5 16. Bg5 Bxd5 17. exd5 b5 18. Nd4 bxc4 19. Nc6 Rxc6 20. dxc6 cxb3 21. axb3 Qb6 22. Be3 Rd8 23. b4 {1-0 Bachrikov,P-Kerzhaev,Y RUS-chT U16-C 2000}) ({RR} 12... Qa5 13. Nd5 Nxd5 14. exd5 Bxb2 15. Rb1 Qxa2 16. dxc6 Bxc6 17. Bxc6 Rxc6 18. c3 Bxc3 19. Nxc3 Rxc3 20. Bh6 Qa3 21. Kh2 Rb8 22. Qd4 e5 23. Qh4 Rf3 24. Rxb7 Rc8 25. Rc7 Rb8 26. Qc4 Rd8 27. Rc8 {1-0 Mariano,N (2207)-Tantipura,N (2002) Phuket Blue Chevaliers op 2022 (5)}) 13. Nd5 Nxd5 14. exd5 Na5 15. b3 Qc7 16. Qd2 Rfe8 17. c3 Nb7 18. Nd4 Nc5 19. c4 Qb8 20. cxb5 Bxb5 21. Rfd1 Bxd4 22. Bxd4 Rc7 23. Qh6 e5 24. dxe6 fxe6 25. Qe3 Qc8 26. Bb2 Nd3 27. Rxc7 Qxc7 28. Rxd3 Bxd3 29. Qxd3 Qb6 30. Qc3 e5 31. Bd5+ Kg7 32. Bc1 Qb8 33. Qe3 Qc7 34. Qh6+ Kh8 35. Bg5 Qg7 36. Qh4 Rf8 37. Bh6 Qf6 38. Bxf8 1-0

[Event "45th Olympiad 2024"]
[Site "Budapest HUN"]
[Date "2024.09.11"]
[Round "1.25"]
[Board "4"]
[White "Papp, Gabor1"]
[Black "Chan, Wang Ip Boris"]
[Result "1-0"]
[WhiteElo "2550"]
[BlackElo "2016"]
[PlyCount "47"]
[EventDate "2024.09.11"]
[WhiteTeam "Hungary B"]
[BlackTeam "Hong Kong, China"]

1. e4 c6 2. d4 d5 3. e5 Bf5 4. h4 h5 5. c4 e6 6. Nc3 dxc4 7. Bxc4 Nd7 8. Nge2 Be7 9. Ng3 Bg6 10. Be2 c5 ({RR} 10... Qb6 11. a4 a5 12. Be3 Rd8 13. O-O Qb4 14. Ra3 Nc5 15. Bxh5 Qxb2 16. Ra2 Qxc3 17. Bxg6 fxg6 18. Qg4 g5 19. dxc5 Qb3 20. Qe2 gxh4 21. Ne4 h3 22. g3 Qd5 23. Bf4 Bxc5 24. Rd2 Bd4 25. Rb1 {½-½ Karthikeyan,M (2611)-Maghsoodloo,P (2707) Qatar Masters Open 2023 (6.5)}) ({RR} 10... Qb6 11. Be3 Nh6 12. O-O Bxh4 13. d5 Qc7 14. dxe6 fxe6 15. Qb3 Nxe5 16. Bc5 Bf7 17. Nce4 Be7 18. Bxe7 Qxe7 19. Rad1 O-O 20. Bxh5 {½-½ Zhapova,Y (2217)-Charochkina,D (2294) 74th ch-RUS HL w 2024 (4.2)}) 11. d5 $146 ({RR} 11. Bg5 cxd4 12. Qxd4 Nb6 13. Be3 Qxd4 14. Bxd4 O-O-O 15. Nb5 Kb8 16. Rc1 Bb4+ 17. Kf1 Ne7 18. Nd6 Nc6 19. Bxb6 {½-½ Mitkov,N (2492)-Stojanovski,D (2416) FRM-ch 11th Gevgelija 2002 (9)}) 11... Nxe5 12. Bf4 Bf6 13. Qa4+ Kf8 14. O-O-O Ne7 15. dxe6 Qb6 16. Nge4 Qxe6 17. Qxa7 Qc8 18. Qb6 Nd7 19. Qd6 Bd4 20. Bb5 Nf6 21. Rhe1 Nxe4 22. Nxe4 Qf5 23. Bd7 Qd5 24. Nc3 1-0

[Event "45th Olympiad 2024"]
[Site "Budapest HUN"]
[Date "2024.09.11"]
[Round "1.26"]
[Board "3"]
[White "Sebenik, Matej"]
[Black "Lim Teck Guan, Rodney"]
[Result "1-0"]
[WhiteElo "2515"]
[BlackElo "1931"]
[PlyCount "63"]
[EventDate "2024.09.11"]
[WhiteTeam "Slovenia"]
[BlackTeam "Brunei Darussalam"]
[WhiteTeamCountry "SLO"]

1. e4 e6 2. d4 d5 3. e5 c5 4. c3 Nc6 5. Nf3 Nge7 6. Na3 Nf5 7. Nc2 Qb6 ({RR} 7... h5 8. Bd3 g6 9. O-O Be7 10. dxc5 Bxc5 11. Bg5 Be7 12. Bxe7 Ncxe7 13. Qd2 Bd7 14. Rfe1 Qc7 15. Bxf5 Nxf5 16. Ncd4 O-O-O 17. h4 Kb8 18. Qg5 Nh6 19. Rad1 Ng4 20. Rd2 Rc8 21. Qf4 f6 22. Qg3 {1-0 Zhigalko,S (2572)-Arabidze,M (2436) Titled Tuesday intern op 11th May blitz 2021 (5)}) 8. Bd3 Bd7 $146 ({RR} 8... cxd4 9. Bxf5 exf5 10. cxd4 g6 11. O-O Bg7 12. b3 O-O 13. Ba3 Re8 14. Qd2 f6 15. exf6 Bxf6 16. Rfe1 Bd7 17. Bc5 Qc7 18. Ne3 Be6 19. Rac1 b6 20. Ba3 Qd7 21. Bb2 Rac8 22. Ne5 Nxe5 23. dxe5 {1-0 Krueger,E (1813)-Koerber,B (1603) Berlin Lichtenberger op 14th 2015 (4)}) ({RR} 8... cxd4 9. Bxf5 exf5 10. Ncxd4 Bc5 11. O-O O-O 12. Nb3 Be6 13. Nxc5 Qxc5 14. Be3 Qe7 15. Qd3 h6 16. h4 Rac8 17. Rfe1 Qc7 18. b4 Rfe8 19. Bc5 Ne7 20. a4 b6 21. Bd4 Nc6 22. Ra3 Nxd4 23. Nxd4 {½-½ Lopez Santana,O (2095)-Prada Villagrasa,P (1954) XXIII Foment Martinenc Op 2023 (7.20)}) 9. dxc5 Bxc5 10. O-O g6 11. Bg5 h6 12. Bf6 Rh7 13. g4 Ng7 14. Qd2 Kf8 15. h4 h5 16. g5 Nf5 17. Bxf5 exf5 18. b4 Be7 19. Ne3 Be6 20. Nxd5 Rd8 21. Nxb6 Rxd2 22. Nxd2 axb6 23. f4 Ke8 24. Rfd1 Kd7 25. b5 Bc5+ 26. Kh2 Ne7 27. Ne4+ Kc7 28. Nxc5 bxc5 29. Bxe7 Rh8 30. Bxc5 Ra8 31. Rd6 Bd7 32. a4 1-0

[Event "45th Olympiad 2024"]
[Site "Budapest HUN"]
[Date "2024.09.11"]
[Round "1.26"]
[Board "4"]
[White "Pg. Shahridin, Ak. Abdul Wafie"]
[Black "Lavrencic, Matic"]
[Result "0-1"]
[WhiteElo "1912"]
[BlackElo "2360"]
[PlyCount "77"]
[EventDate "2024.09.11"]
[WhiteTeam "Brunei Darussalam"]
[BlackTeam "Slovenia"]
[BlackTeamCountry "SLO"]

1. d4 Nf6 2. Nc3 d5 3. Bf4 a6 4. e3 e6 5. Nf3 c5 6. dxc5 Bxc5 7. Bd3 Nc6 8. h3 ({RR} 8. O-O Bd6 9. Bg5 h6 10. Bh4 Be7 11. Bg3 Nh5 12. e4 Nxg3 13. hxg3 dxe4 14. Nxe4 O-O 15. Qe2 Qc7 16. c3 Bd7 17. Qe3 Rad8 18. g4 Ne5 19. Nxe5 Qxe5 20. f4 Qc7 21. g5 Bc6 22. gxh6 g6 {1-0 Shimanov,A (2581)-Mekhitarian,K (2569) Titled Tuesday intern op 12th Apr Early blitz 2022 (9)}) ({RR} 8. O-O O-O 9. e4 Be7 10. e5 Nd7 11. Re1 Re8 12. Ne2 Nb4 13. Ned4 Nxd3 14. cxd3 Nf8 15. Qd2 Ng6 16. Bg5 Bd7 17. Bxe7 Qxe7 18. Rac1 Rec8 19. g3 Rxc1 20. Rxc1 Rc8 21. a3 Qd8 22. Rxc8 Qxc8 {½-½ Yuan,Q (2360)-Gavrilin,R (2185) Titled Tue 30th Jul Late 2024 (11)}) 8... O-O 9. O-O h6 10. a3 $146 ({RR} 10. e4 d4 11. Ne2 Qe7 12. e5 Nd5 13. Bh2 f5 14. exf6 Qxf6 15. Ng3 Bd6 16. Kh1 Bxg3 17. Bxg3 Nf4 18. Be4 Bd7 19. c3 Rad8 20. cxd4 Be8 21. Qc2 Rc8 22. Qd2 Rd8 23. Rad1 Bh5 24. Qe3 Nxh3 {1-0 Haydon,D (2230)-Gurevich,D (2371) Titled Tue 15th Aug Late 2023 (7)}) ({RR} 10. e4 dxe4 11. Nxe4 Nxe4 12. Bxe4 Qf6 13. Qc1 Rd8 14. c3 Bd7 15. b4 Ba7 16. Bc7 Rdc8 17. Bd6 e5 18. Qd2 Re8 19. Rfe1 Rac8 20. Rad1 Red8 21. Nxe5 Nd4 22. Bxb7 Qxd6 23. Bxc8 Bxc8 24. cxd4 Qd5 {1-0 Pershin,D (2353)-Cherepov,A (2122) St Petersburg Summer op 2017 (2)}) 10... Re8 11. e4 d4 12. Ne2 e5 13. Bd2 Be6 14. Qc1 Rc8 15. Ng3 Bf8 16. Nh2 Nd7 17. Qd1 Nc5 18. b4 Na4 19. f4 exf4 20. Bxf4 Bd6 21. Qh5 Bxf4 22. Rxf4 Qg5 23. Qf3 Ne5 24. Qf2 Nb2 25. h4 Qd8 26. Qe2 Rc3 27. Raf1 Nbxd3 28. cxd3 Nxd3 29. Rf6 Nc1 30. Qd2 Rxg3 31. Qxc1 gxf6 32. Qxh6 d3 33. Nf3 Rg6 34. Qf4 Bg4 35. Nd2 Qd4+ 36. Kh1 Be2 37. Rc1 Rg4 38. Qh6 Qf2 39. Rg1 0-1

[Event "45th Olympiad 2024"]
[Site "Budapest HUN"]
[Date "2024.09.11"]
[Round "1.27"]
[Board "1"]
[White "Mfune, Petros"]
[Black "Brkic, Ante"]
[Result "0-1"]
[WhiteElo "1986"]
[BlackElo "2642"]
[PlyCount "106"]
[EventDate "2024.09.11"]
[WhiteTeam "Malawi"]
[BlackTeam "Croatia"]
[WhiteTeamCountry "MWI"]
[BlackTeamCountry "CRO"]

1. e4 c5 2. Nf3 d6 3. d4 cxd4 4. Nxd4 Nf6 5. Nc3 a6 6. Be3 e5 7. Nb3 Be7 8. Be2 Be6 9. O-O O-O 10. Nd5 Nbd7 11. Nxe7+ ({RR} 11. Qd3 Re8 12. c4 Bf8 13. f3 Rc8 14. Rac1 Nh5 15. Qd2 g6 16. Na5 Rb8 17. b4 Bxd5 18. cxd5 Nf4 19. Bc4 Qf6 20. g3 Nh5 21. Be2 Be7 22. Rc7 Nf8 23. Nxb7 Bd8 24. Nxd8 Qxd8 25. Rc6 f5 {½-½ Efimenko,Z (2648)-Adly,A (2594) Wch Blitz 8th 2014 (10)}) 11... Qxe7 12. Bf3 Rfd8 ({RR} 12... Nc5 13. Nxc5 dxc5 14. Qd3 b5 15. Rfd1 b4 16. a3 h6 17. axb4 cxb4 18. Rxa6 Rxa6 19. Qxa6 Bg4 20. Qd6 Qxd6 21. Rxd6 Rc8 22. Rb6 Rc4 23. Kf1 Be6 24. Rb8+ Kh7 25. Ke1 g5 26. Kd1 Nxe4 27. b3 {1-0 Cunha,L (2230)-Hirano,E (1861) 10th Floripa Open 2024 (2.30)}) 13. Qe2 Rac8 $146 ({RR} 13... d5 14. exd5 Bxd5 15. Bg5 e4 16. Bg4 Qe5 17. Bxd7 Qxg5 18. Bh3 Bxb3 19. axb3 Rd2 20. Qc4 Rad8 21. Bc8 e3 22. fxe3 Qxg2# {0-1 Kecap,F (1988)-Cerovic,D (2157) Belgrade Trophy 17th 2004 (7)}) 14. Rfd1 h6 15. Qd2 Nf8 16. Bb6 Rd7 17. Rac1 Ng6 18. g3 d5 19. exd5 Bxd5 20. Bxd5 Rxd5 21. Qe2 Qe6 22. Rxd5 Nxd5 23. Ba5 Qf5 24. c4 Nf6 25. f3 h5 26. Nd2 h4 27. Ne4 hxg3 28. Nxf6+ Qxf6 29. hxg3 Qg5 30. Qe1 Nh4 31. Kf2 Nf5 32. g4 Nd4 33. Qe3 Nxf3 34. Qxg5 Nxg5 35. b3 Kf8 36. Ke3 Ke8 37. Rh1 f6 38. Rh8+ Kd7 39. Rxc8 Kxc8 40. Be1 Kd7 41. Bh4 Nf7 42. Ke4 Ke6 43. Be1 g6 44. Bh4 f5+ 45. gxf5+ gxf5+ 46. Kd3 f4 47. c5 Kd5 48. Be7 e4+ 49. Ke2 e3 50. b4 Ke4 51. a4 f3+ 52. Ke1 Ne5 53. Kf1 e2+ 0-1